Word Ladder: 6-Letter Christmas Quiz Stats

 Plays Quiz Updated Dec 25, 2017

Challenge
Share
Tweet
Embed
Score 0/12 Timer 03:00
1 Play Today
Clue 6-Letter Word % Correct
πŸŽ„ Circular Christmas decoration πŸŽ„πŸŽ„ WREATH πŸŽ„
92.5%
Cleanser that disinfects and removes colorBLEACH
91.9%
What you can see outside when it's coldBREATH
90.6%
πŸŽ„ Language in which PΓ¨re NΓΆel is Santa Claus πŸŽ„πŸŽ„ FRENCH πŸŽ„
90.5%
To break through a wallBREACH
88%
Close tightly, like with teethCLENCH
82.6%
Secure a stop via victory, like in the playoffsCLINCH
78.9%
Draw back quickly as from painFLINCH
75.2%
Recoil from a lack of courageBLENCH
74.5%
Remove blubber from whale fleshFLENCH
66.3%
A Chevy Chase movie where he plays the title writer/investigatorFLETCH
63.2%
A side of baconFLITCH
55.5%

Today's Daily Dose

Missing Word
Animated TV Series

Word Ladder
Boston

Quick Pick
'H' Literature

On This Day
August 16th II

You're not logged in!

Compare scores with friends on all Sporcle quizzes.
Join for Free
OR
Log In

You Might Also Like...

Show Comments

Extras

Top Quizzes Today


Score Distribution

Your Account Isn't Verified!

In order to create a playlist on Sporcle, you need to verify the email address you used during registration. Go to your Sporcle Settings to finish the process.

Report this User

Report this user for behavior that violates our Community Guidelines.

Details: